000 00839nam a2200289 i 4500
001 15775
003 DO-SdUEMH
005 20260210205220.0
007 ta
008 211105s2000||||dr a|||gr|||| 0|| | spa d
040 _aDO-SdUEMH
_bspa
_erda
041 _aspa
082 1 4 _aRD 362.173068 A238
_mRD
_bG958
084 _b09-00675
100 1 _aGUILLERMO, EDGAR
_eaut
245 0 _aAdministración de Enfermería /
_cEdgar Guillermo
260 _c2000
264 1 _aSanto Domingo, República Dominicana :
_bColores S.A.,
_c2000
264 4 _c©2000
300 _a211 páginas :
_bilustraciones ;
_c27 cm.
336 _2rdacontent
_atexto
_btxt
337 _2rdamedia
_asin mediación
_bn
338 _2rdacarrier
_avolumen
_bnc
504 _aContiene Información Bibliográfica a Final de la Obra.
942 _2ddc
_cBK
_n0
999 _c15775
_d15775